00899nam a22002057a 450000500170000000700150001700800410003202000220007303500090009504000090010410000210011324500850013425600240021926000540024330000280029750602260032565000480055174000380059985600560063720240305165406.0cr|||| |||| 130307e2010 sp |||||s|||| 00||0 spa d a978-84-8454-983-3 a7371 avLex10aUrteaga, Eguzki 14aLas relaciones laborales en Franciac/ Eguzki Urteaga h[Recurso electrónico]  aServicio en línea aAlicante :bEditorial Club Universitario, c2010  a1 Recurso electrónico dvLex GlobaldvLex Global (Academic Edition, excluding Law Schools)dvLex Global (U.S. Academic Edition, Law Schools)dvLex Global (U.S. Academic Edition, excluding Law Schools)dvLex Global (Academic Edition, Law Schools)04aDerecho laboral y Seguridad SocialzFrancia avLex Libros (Servicio en línea) aAcceso restringidouhttp://www.vlex.com/source/7371